[Event "Titled Tuesday intern op 28th Dec"]
[Site "Chess.com INT"]
[Date "2021.12.28"]
[Round "11"]
[White "Srihari, LR."]
[Black "Khabinets, Ivan"]
[Result "1/2-1/2"]
[WhiteElo "2400"]
[BlackElo "1980"]
[PlyCount "251"]
[EventDate "2021.12.28"]
[EventType "swiss (blitz)"]
[EventRounds "11"]
[EventCountry "USA"]
[SourceTitle "CBM 206 Extra"]
[Source "ChessBase"]
[SourceDate "2022.03.31"]
[SourceVersion "1"]
[SourceVersionDate "2022.03.31"]
[SourceQuality "1"]

1. c4 e5 2. Nc3 Nf6 3. Nf3 Nc6 4. e3 d5 5. cxd5 Nxd5 6. Bb5 Nxc3 7. bxc3 Bd6 8. d4 exd4 9. cxd4 O-O 10. O-O Bf5 11. Bd3 Bxd3 12. Qxd3 Nb4 13. Qb3 c5 14. dxc5 Bxc5 15. Rd1 Qe7 16. Rb1 b6 17. Bb2 Rfd8 18. Bd4 Bd6 19. h3 Nc6 20. Ba1 Ne5 21. Bxe5 Bxe5 22. Rd5 Bf6 23. Rbd1 Rxd5 24. Rxd5 Rd8 25. Qd3 g6 26. e4 Rc8 27. e5 Bg7 28. g3 h6 29. Kg2 Rc5 30. Rd8+ Kh7 31. Rd7 Qe6 32. Rxa7 Bxe5 33. Qd8 Bg7 34. Ra8 g5 35. Qg8+ Kg6 36. Re8 Qd5 37. Re3 Rc6 38. a3 Rf6 39. Qe8 h5 40. g4 hxg4 41. hxg4 Rf4 42. Qc8 Qc4 43. Qxc4 Rxc4 44. Rb3 Rc6 45. Ng1 Bf6 46. Ne2 Be7 47. Ng3 Bf6 48. Nf5 Kh7 49. Rh3+ Kg8 50. Rh6 Re6 51. a4 Be5 52. Rh5 Bf4 53. Nh6+ Kg7 54. Nf5+ Kg8 55. Rh1 Re4 56. Rb1 Rxa4 57. Rxb6 Ra8 58. Rc6 Kh7 59. Rb6 Re8 60. Rb7 Kg6 61. Kf3 Re6 62. Ra7 Rb6 63. Ra8 Rb3+ 64. Kg2 Rb7 65. Rg8+ Kf6 66. Nh6 Rc7 67. Ra8 Rb7 68. Ra6+ Kg7 69. Nf5+ Kh7 70. Rh6+ Kg8 71. Nd4 Rd7 72. Nf3 Kg7 73. Ra6 Rb7 74. Ra5 Kg6 75. Ra6+ Kg7 76. Nd4 Rd7 77. Nf5+ Kh7 78. Ra8 Kg6 79. Rg8+ Kf6 80. Rh8 Ke6 81. Rh6+ f6 82. Rh8 Rd2 83. Re8+ Kf7 84. Re7+ Kf8 85. Rb7 Rc2 86. Nd4 Rd2 87. Ne6+ Ke8 88. Ng7+ Kf8 89. Nh5 Be5 90. Rb6 Rxf2+ 91. Kxf2 Bd4+ 92. Kf3 Bxb6 93. Nxf6 Kf7 94. Nd5 Bd8 95. Ke4 Kg6 96. Ke5 Ba5 97. Ke6 Bd2 98. Ne7+ Kg7 99. Kf5 Kf7 100. Nc6 Kg7 101. Ne5 Kg8 102. Nf3 Bc1 103. Nxg5 Bxg5 104. Kxg5 Kg7 105. Kf5 Kf7 106. Kf4 Kf6 107. Kg3 Kg5 108. Kh3 Kg6 109. Kh4 Kh6 110. g5+ Kg6 111. Kg4 Kg7 112. Kf3 Kg6 113. Kf4 Kg7 114. Kf5 Kf7 115. Kg4 Kg6 116. Kh4 Kg7 117. Kh5 Kh7 118. g6+ Kg7 119. Kg5 Kg8 120. Kf4 Kg7 121. Kf5 Kg8 122. Kf6 Kf8 123. Kf5 Kg7 124. Kg5 Kg8 125. Kh5 Kg7 126. Kg5 1/2-1/2

[Event "Titled Tuesday intern op 28th Dec"]
[Site "Chess.com INT"]
[Date "2021.12.28"]
[Round "11"]
[White "Staudner, Oliver"]
[Black "Reprintsev, Alexander"]
[Result "1-0"]
[WhiteElo "2398"]
[BlackElo "2353"]
[PlyCount "65"]
[EventDate "2021.12.28"]
[EventType "swiss (blitz)"]
[EventRounds "11"]
[EventCountry "USA"]
[SourceTitle "CBM 206 Extra"]
[Source "ChessBase"]
[SourceDate "2022.03.31"]
[SourceVersion "1"]
[SourceVersionDate "2022.03.31"]
[SourceQuality "1"]

1. e4 d5 2. exd5 Qxd5 3. Nc3 Qa5 4. d4 Nf6 5. Nf3 Nc6 6. Bd2 a6 7. d5 Nxd5 8. Bc4 Nxc3 9. Bxc3 Qc5 10. Qe2 Bg4 11. O-O-O e6 12. Rhe1 Bd6 13. h3 Bxf3 14. gxf3 O-O-O 15. Kb1 Be5 16. Rxd8+ Rxd8 17. b4 Nxb4 18. Bxe5 Nd5 19. Bxd5 Rxd5 20. Bxg7 Qb4+ 21. Bb2 Rd2 22. Qe4 Qc5 23. Qxh7 Qxf2 24. Qg8+ Rd8 25. Qg1 Qxf3 26. Qa7 Rd1+ 27. Rxd1 Qxd1+ 28. Bc1 Qf3 29. h4 e5 30. Qa8+ Kd7 31. Qg8 e4 32. Qg5 f6 33. Qf4 1-0

[Event "Titled Tuesday intern op 28th Dec"]
[Site "Chess.com INT"]
[Date "2021.12.28"]
[Round "11"]
[White "Stoyanov, Tsvetan"]
[Black "Ballester Llagaria, Luis Eduardo"]
[Result "1-0"]
[WhiteElo "2424"]
[BlackElo "2298"]
[PlyCount "65"]
[EventDate "2021.12.28"]
[EventType "swiss (blitz)"]
[EventRounds "11"]
[EventCountry "USA"]
[SourceTitle "CBM 206 Extra"]
[Source "ChessBase"]
[SourceDate "2022.03.31"]
[SourceVersion "1"]
[SourceVersionDate "2022.03.31"]
[SourceQuality "1"]

1. e4 c5 2. Nf3 b6 3. c4 Bb7 4. Nc3 e6 5. a3 d6 6. d4 cxd4 7. Nxd4 a6 8. Be2 Nf6 9. f3 Nbd7 10. Be3 Be7 11. O-O O-O 12. Rc1 Qc7 13. b4 Rac8 14. Qd2 Rfe8 15. Rfd1 Qb8 16. Bf1 Bd8 17. Kh1 Bc7 18. Bg1 Ne5 19. Na4 Ng6 20. Qf2 h5 21. Nb3 Nd7 22. c5 b5 23. Nb6 Nxb6 24. cxb6 Bd8 25. Na5 Rxc1 26. Rxc1 Ne5 27. Qd4 Bf6 28. Nxb7 Qxb7 29. Qxd6 Rd8 30. Qc7 Qxc7 31. Rxc7 Rb8 32. b7 Kh7 33. Ba7 1-0

[Event "Titled Tuesday intern op 28th Dec"]
[Site "Chess.com INT"]
[Date "2021.12.28"]
[Round "11"]
[White "Tanenbaum, Zachary Chen"]
[Black "Kezin, Roman"]
[Result "0-1"]
[WhiteElo "2146"]
[BlackElo "2494"]
[PlyCount "126"]
[EventDate "2021.12.28"]
[EventType "swiss (blitz)"]
[EventRounds "11"]
[EventCountry "USA"]
[SourceTitle "CBM 206 Extra"]
[Source "ChessBase"]
[SourceDate "2022.03.31"]
[SourceVersion "1"]
[SourceVersionDate "2022.03.31"]
[SourceQuality "1"]

1. e4 h5 2. d4 h4 3. Nc3 c6 4. h3 d5 5. Nf3 dxe4 6. Nxe4 Nf6 7. Neg5 Nbd7 8. Bc4 Nd5 9. Qd3 e6 10. O-O Be7 11. Re1 Rh5 12. Nxe6 Nb4 13. Qe4 Nf6 14. Nxd8 Nxe4 15. Bxf7+ Kxd8 16. Rxe4 Rh8 17. c3 Nc2 18. Rb1 Bf5 19. Rf4 Bh7 20. Bd2 Rf8 21. Ne5 g5 22. Rf3 Nxd4 23. cxd4 Bxb1 24. Ba5+ b6 25. Nxc6+ Kd7 26. Ne5+ Kc7 27. Bc3 Bd6 28. Bd2 Rac8 29. Bxg5 Kb7 30. Bh6 Rh8 31. Bg7 Rh7 32. Bf6 Rc1+ 33. Kh2 Rxf7 34. Bxh4 Rxf3 35. gxf3 Bxa2 36. Bg3 Bd5 37. f4 Rc2 38. h4 Rxb2 39. h5 Be4 40. h6 a5 41. Nf7 Bf8 42. Ng5 Bf5 43. h7 Bg7 44. Nf7 Bxh7 45. f5 Bxd4 46. Nd6+ Ka6 47. Kg2 Bg8 48. Ne4 Bd5 49. Kf3 a4 50. Kf4 a3 51. f6 a2 52. f7 Bxf7 53. Nd6 Bd5 54. Ne8 Rc2 55. Kf5 a1=Q 56. Nc7+ Rxc7 57. Bxc7 Qb1+ 58. Kg5 Qe4 59. Kh6 Qf5 60. Bf4 Qxf4+ 61. Kg6 Qxf2 62. Kh7 Qf7+ 63. Kh6 Be3# 0-1

[Event "Titled Tuesday intern op 28th Dec"]
[Site "Chess.com INT"]
[Date "2021.12.28"]
[Round "11"]
[White "Tsukerman, Julia"]
[Black "Winkels, Marcel"]
[Result "0-1"]
[WhiteElo "1523"]
[BlackElo "1979"]
[PlyCount "80"]
[EventDate "2021.12.28"]
[EventType "swiss (blitz)"]
[EventRounds "11"]
[EventCountry "USA"]
[SourceTitle "CBM 206 Extra"]
[Source "ChessBase"]
[SourceDate "2022.03.31"]
[SourceVersion "1"]
[SourceVersionDate "2022.03.31"]
[SourceQuality "1"]

1. e4 c5 2. Nf3 d6 3. d4 cxd4 4. Nxd4 Nf6 5. Nc3 a6 6. Be3 e5 7. Nb3 Be6 8. f3 h5 9. Qd2 Nbd7 10. O-O-O Be7 11. g3 Rc8 12. Kb1 b5 13. h3 Qc7 14. Rg1 O-O 15. g4 h4 16. Bg5 b4 17. Ne2 a5 18. Bxh4 a4 19. Nbc1 Qb6 20. Rh1 a3 21. b3 Rfe8 22. Nd3 d5 23. exd5 Bxd5 24. Bf2 Qb7 25. Bg2 e4 26. fxe4 Nxe4 27. Bxe4 Bxe4 28. Rhe1 Bf6 29. Bd4 Be7 30. Ng3 Bg6 31. Nf5 Bf6 32. Bxf6 Nxf6 33. Qxb4 Qc7 34. Qd2 Ne4 35. Qc1 Nc3+ 36. Ka1 Nxd1 37. Qxd1 Qc3+ 38. Kb1 Bxf5 39. gxf5 Rxe1 40. Nxe1 Qb2# 0-1

[Event "Titled Tuesday intern op 28th Dec"]
[Site "Chess.com INT"]
[Date "2021.12.28"]
[Round "11"]
[White "Tsydypov, Zhamsaran"]
[Black "Perez Ponsa, Federico"]
[Result "0-1"]
[WhiteElo "2526"]
[BlackElo "2561"]
[PlyCount "78"]
[EventDate "2021.12.28"]
[EventType "swiss (blitz)"]
[EventRounds "11"]
[EventCountry "USA"]
[SourceTitle "CBM 206 Extra"]
[Source "ChessBase"]
[SourceDate "2022.03.31"]
[SourceVersion "1"]
[SourceVersionDate "2022.03.31"]
[SourceQuality "1"]

1. e4 c5 2. Nf3 d6 3. d4 cxd4 4. Nxd4 Nf6 5. Nc3 a6 6. Qd3 Nbd7 7. Be2 Nc5 8. Qe3 e5 9. Nb3 Nxb3 10. axb3 Be7 11. O-O O-O 12. Rd1 Be6 13. Bc4 Rc8 14. Bxe6 fxe6 15. Qh3 Qd7 16. Ra5 b5 17. b4 Rc6 18. Bg5 Bd8 19. Raa1 h6 20. Be3 Qf7 21. Rd2 d5 22. Bc5 Rxc5 23. bxc5 b4 24. exd5 bxc3 25. dxe6 Qe7 26. bxc3 Qxc5 27. Qd3 a5 28. h3 Bb6 29. Rb1 Re8 30. Qf5 e4 31. Qxc5 Bxc5 32. Rb5 e3 33. Re2 Ne4 34. Rxe3 Bxe3 35. fxe3 Nxc3 36. Rxa5 Rxe6 37. Kf2 Nd1+ 38. Kf3 Nxe3 39. Kf4 Nxg2+ 0-1

[Event "Titled Tuesday intern op 28th Dec"]
[Site "Chess.com INT"]
[Date "2021.12.28"]
[Round "11"]
[White "Tsyhanchuk, Stanislav"]
[Black "Postnikov, Daniil"]
[Result "0-1"]
[WhiteElo "2283"]
[BlackElo "2360"]
[PlyCount "28"]
[EventDate "2021.12.28"]
[EventType "swiss (blitz)"]
[EventRounds "11"]
[EventCountry "USA"]
[SourceTitle "CBM 206 Extra"]
[Source "ChessBase"]
[SourceDate "2022.03.31"]
[SourceVersion "1"]
[SourceVersionDate "2022.03.31"]
[SourceQuality "1"]

1. e4 e6 2. d4 d5 3. Nc3 Nf6 4. Bg5 Bb4 5. Nge2 h6 6. Bxf6 Qxf6 7. a3 Bxc3+ 8. Nxc3 dxe4 9. Nxe4 Qe7 10. Qd3 b6 11. g3 Bb7 12. Bg2 Nc6 13. O-O O-O-O 14. c3 e5 0-1

[Event "Titled Tuesday intern op 28th Dec"]
[Site "Chess.com INT"]
[Date "2021.12.28"]
[Round "11"]
[White "Urazayev, Arystanbek"]
[Black "Harshavardhan, GB."]
[Result "0-1"]
[WhiteElo "2437"]
[BlackElo "2397"]
[PlyCount "66"]
[EventDate "2021.12.28"]
[EventType "swiss (blitz)"]
[EventRounds "11"]
[EventCountry "USA"]
[SourceTitle "CBM 206 Extra"]
[Source "ChessBase"]
[SourceDate "2022.03.31"]
[SourceVersion "1"]
[SourceVersionDate "2022.03.31"]
[SourceQuality "1"]

1. e4 e5 2. Nf3 Nc6 3. Bb5 a6 4. Ba4 d6 5. O-O Bg4 6. h3 h5 7. d4 b5 8. Bb3 Nxd4 9. hxg4 Nxb3 10. axb3 hxg4 11. Ng5 Qd7 12. Nc3 c6 13. f4 Qa7+ 14. Rf2 g3 15. Qf3 gxf2+ 16. Qxf2 Rh1+ 17. Kxh1 Qxf2 18. fxe5 dxe5 19. Nf3 Qxc2 20. Nxe5 b4 21. Na4 Qxe4 22. Nf3 Nf6 23. Bg5 Be7 24. Nb6 Rd8 25. Nc4 Rd3 26. Rxa6 Rd1+ 27. Kh2 Qh7+ 28. Bh4 Ng4+ 29. Kg3 Bxh4+ 30. Kxg4 f5+ 31. Kf4 g5+ 32. Ke5 Rd5+ 33. Ke6 Qf7# 0-1

[Event "Titled Tuesday intern op 28th Dec"]
[Site "Chess.com INT"]
[Date "2021.12.28"]
[Round "11"]
[White "Walentukiewicz, Michal"]
[Black "Bayramov, Zaur"]
[Result "0-1"]
[WhiteElo "2094"]
[BlackElo "2357"]
[PlyCount "66"]
[EventDate "2021.12.28"]
[EventType "swiss (blitz)"]
[EventRounds "11"]
[EventCountry "USA"]
[SourceTitle "CBM 206 Extra"]
[Source "ChessBase"]
[SourceDate "2022.03.31"]
[SourceVersion "1"]
[SourceVersionDate "2022.03.31"]
[SourceQuality "1"]

1. e4 Nf6 2. e5 Nd5 3. d4 d6 4. exd6 exd6 5. Nf3 Be7 6. c4 Nf6 7. Be2 O-O 8. O-O Bg4 9. Nc3 Nbd7 10. h3 Bh5 11. b3 Re8 12. Bb2 c6 13. Nd2 Bxe2 14. Qxe2 d5 15. cxd5 Ba3 16. Nde4 Nxe4 17. Nxe4 Bxb2 18. Qxb2 Rxe4 19. dxc6 bxc6 20. Rac1 Qb6 21. Rc4 Rae8 22. Qc3 R8e6 23. Rc1 h6 24. Rxc6 Rxc6 25. Qxc6 Re1+ 26. Kh2 Rxc1 27. Qxc1 Qxd4 28. Qc8+ Kh7 29. Qc2+ g6 30. g3 Kg7 31. Kg1 h5 32. h4 Ne5 33. Qc7 Ng4 0-1

[Event "Titled Tuesday intern op 28th Dec"]
[Site "Chess.com INT"]
[Date "2021.12.28"]
[Round "11"]
[White "Weishaeutel, Moritz"]
[Black "Matinian, Nikita"]
[Result "0-1"]
[WhiteElo "2371"]
[BlackElo "2454"]
[PlyCount "104"]
[EventDate "2021.12.28"]
[EventType "swiss (blitz)"]
[EventRounds "11"]
[EventCountry "USA"]
[SourceTitle "CBM 206 Extra"]
[Source "ChessBase"]
[SourceDate "2022.03.31"]
[SourceVersion "1"]
[SourceVersionDate "2022.03.31"]
[SourceQuality "1"]

1. e4 c5 2. b4 cxb4 3. a3 bxa3 4. d4 g6 5. Nxa3 Bg7 6. c3 Nf6 7. Bd3 O-O 8. Ne2 d5 9. e5 Ne8 10. O-O Nc6 11. f4 Bf5 12. Bxf5 gxf5 13. Ng3 e6 14. Nh5 Ne7 15. Nc2 Ng6 16. Ba3 a6 17. Bxf8 Bxf8 18. Ne3 Rc8 19. Qe1 Qc7 20. Rc1 Qa5 21. c4 Bb4 22. Qg3 Bd2 23. Ra1 Qc3 24. Nxd5 exd5 25. cxd5 Qxd4+ 26. Kh1 Qxd5 27. Rad1 Rc2 28. Qg5 Qc6 29. Nf6+ Nxf6 30. exf6 Bb4 31. Rd8+ Bf8 32. Re1 Re2 33. Rxf8+ Kxf8 34. Qh6+ Ke8 35. Rxe2+ Kd7 36. h4 Qxf6 37. Qg5 Qxg5 38. hxg5 b5 39. Ra2 Nxf4 40. Rxa6 b4 41. Kg1 Nd5 42. Kf2 b3 43. Ra3 b2 44. Rb3 Nc3 45. Rxb2 Nd1+ 46. Kf3 Nxb2 47. Kf4 Ke6 48. g4 fxg4 49. Kxg4 Nd3 50. Kh5 Ne5 51. Kh6 Nf3 52. g6 hxg6 0-1

[Event "Titled Tuesday intern op 28th Dec"]
[Site "Chess.com INT"]
[Date "2021.12.28"]
[Round "11"]
[White "Yuan, Qingyu"]
[Black "Hansen, Sune Berg"]
[Result "0-1"]
[WhiteElo "2373"]
[BlackElo "2526"]
[PlyCount "130"]
[EventDate "2021.12.28"]
[EventType "swiss (blitz)"]
[EventRounds "11"]
[EventCountry "USA"]
[SourceTitle "CBM 206 Extra"]
[Source "ChessBase"]
[SourceDate "2022.03.31"]
[SourceVersion "1"]
[SourceVersionDate "2022.03.31"]
[SourceQuality "1"]

1. Nf3 d5 2. g3 g6 3. Bg2 Bg7 4. O-O e5 5. d3 Ne7 6. Nbd2 Nbc6 7. e4 O-O 8. c3 a5 9. a4 h6 10. Qe2 Re8 11. Rd1 Be6 12. Nf1 Qd7 13. Ne3 Rad8 14. d4 exd4 15. Nxd4 Nxd4 16. cxd4 dxe4 17. Bxe4 Nd5 18. Bg2 Nxe3 19. Bxe3 Bg4 20. Bf3 Bxf3 21. Qxf3 Qd5 22. Qxd5 Rxd5 23. Rac1 c6 24. Rc5 Red8 25. Rxd5 Rxd5 26. Rd2 h5 27. Kf1 Kf8 28. Ke2 Ke8 29. Kd3 Kd7 30. Kc4 Bf8 31. Bf4 g5 32. Be3 Kd8 33. h3 Bd6 34. g4 h4 35. Re2 Kd7 36. Bd2 Bc7 37. Re1 f6 38. Re2 Bb6 39. Bc3 Ba7 40. Re1 Bb8 41. Re2 Bf4 42. b4 axb4 43. Bxb4 Bd6 44. Bxd6 Kxd6 45. Rb2 Kc7 46. Re2 Kd7 47. Rb2 Kc7 48. Re2 Ra5 49. Re7+ Kb6 50. Kb4 Rd5 51. Kc4 Ra5 52. Kb3 Rd5 53. Kc4 Rd6 54. Rf7 Ka6 55. f3 b6 56. Kb4 Rxd4+ 57. Kb3 Rf4 58. Rf8 Rxf3+ 59. Kb4 Rf4+ 60. Kb3 c5 61. Rf7 Rf3+ 62. Kc4 Rf4+ 63. Kd5 c4 64. Rf8 Ka5 65. Kc6 c3 0-1

[Event "Titled Tuesday intern op 28th Dec"]
[Site "Chess.com INT"]
[Date "2021.12.28"]
[Round "11"]
[White "Zherebtsova, Alexandra"]
[Black "Necula, Iulian"]
[Result "1-0"]
[WhiteElo "2182"]
[BlackElo "1890"]
[PlyCount "93"]
[EventDate "2021.12.28"]
[EventType "swiss (blitz)"]
[EventRounds "11"]
[EventCountry "USA"]
[SourceTitle "CBM 206 Extra"]
[Source "ChessBase"]
[SourceDate "2022.03.31"]
[SourceVersion "1"]
[SourceVersionDate "2022.03.31"]
[SourceQuality "1"]

1. d4 d6 2. Nf3 f5 3. g3 Nf6 4. Bg2 g6 5. O-O Bg7 6. b4 O-O 7. Bb2 c6 8. c4 a5 9. b5 Bd7 10. a4 Qc7 11. Qb3 d5 12. b6 Qd8 13. Nc3 e6 14. Ba3 Re8 15. c5 h6 16. Ne5 Kh7 17. f3 Rg8 18. e4 Qe7 19. exf5 gxf5 20. Rae1 Be8 21. g4 f4 22. Qc2+ Kh8 23. Ne2 Nbd7 24. Nxf4 Nxe5 25. Rxe5 Bf7 26. Bb2 Qd7 27. Rfe1 Rae8 28. R5e2 Qc8 29. Re3 Nh7 30. Qe2 Ng5 31. h4 Nh7 32. Nxe6 Bxe6 33. Rxe6 Rxe6 34. Qxe6 Qf8 35. Qe3 Nf6 36. g5 hxg5 37. hxg5 Nd7 38. f4 Nxc5 39. Qh3+ Bh6 40. dxc5+ Kh7 41. Qxh6+ Qxh6 42. gxh6 Kxh6 43. Re6+ Kh5 44. Kf2 Kg4 45. Be5 Rh8 46. Bf3+ Kf5 47. Rf6# 1-0